| 000 | 00647nam a22001937a 4500 | ||
|---|---|---|---|
| 003 | OSt | ||
| 005 | 20251127144202.0 | ||
| 008 | 251127b |||||||| |||| 00| 0 eng d | ||
| 020 | _a9789718218259 | ||
| 040 | _cSHSL | ||
| 082 | _a004.1 E55 | ||
| 100 | _aAsejo, Nelson R | ||
| 245 |
_aEmpowerment technologies _cNelson R. Asejo...[and four others] |
||
| 260 |
_aMalabon City, Philippines _bMutya Publishing _cc2019 |
||
| 300 |
_a298 pages _billustrations _c25 cm. |
||
| 500 | _aIncludes references and glossary. | ||
| 600 |
_2Computers--Study and teaching. 2. Information and communications technology. _aAsejo, Nelson R. |
||
| 942 |
_2ddc _cBK-FIL _n0 |
||
| 999 |
_c6483 _d6483 |
||